Statistieken voor Inwonersnaam Quiz

Klik hier om de quiz te nemen!

Algemene statistieken

  • Deze quiz is 51 keer genomen
  • De gemiddelde score is 9 van 15

Antwoordstatistieken

LandInwonersnaam% Correct
ChinaChinees
100%
SpanjeSpanjaard
100%
DenemarkenDeen
95%
ArgentiniëArgentijn
92%
LibanonLibanees
92%
IndiaIndiër
78%
CyprusCyprioot
62%
MontenegroMontenegrijn
57%
MonacoMonegask
49%
OmanOmani
41%
EritreaEritreeër
35%
GuatamalaGuatamalaan, Guatamalteek
24%
DjiboutiDjiboutiaan
22%
BangladeshBengalees
14%
MadagascarMalagassiër
11%

Scoreverdeling

Percentiel versus Aantal Correcte Antwoorden

Procent van Mensen met Elke Score

Uw Scoregeschiedenis

U heeft deze quiz nog niet genomen